000 01098cam a2200301 a 4500
001 000015859
003 UkOxU
005 20200929164159.0
008 980804s1997 ec 001 f spa d
020 _a9978401679
040 _aDO-SdBNP
_bspa
_cDLC
_dBNPHU
082 _aE863.44
_bT864d
100 1 _aTroya, María Soledad,
_d1966-
_935694
245 1 0 _aDon Goyo :
_bel héroe cholo de Demetrio Aguilera Malta /
_cMaría Soledad Troya.
260 _aQuito, Ecuador :
_bCasa de la Cultura Ecuatoriana "Benjamín Carrión,",
_c1997.
300 _a199 p. ;
_c21 cm.
490 1 _aLa edad de la ira
504 _aIncluye notas bibliográficas.
504 _aIncluye referencias bibliográficas (p. 191-197).
650 4 _aNovela ecuatoriana
_95017
650 4 _aLiteratura ecuatoriana
_93938
650 4 _aVida en el campo
_xNovela
_935695
600 1 4 _aAGUILERA MALTA, DEMÉTRIO,
_d1909-
_tDON GOYO
_935696
600 1 4 _aAGUILERA MALTA, DEMETRIO,
_d1909-
_xCRÍTICA E INTERPRETACIÓN
_935697
830 0 _aLa edad de la ira ;
_935698
910 _aCatalogación por copia /Oxford
049 _aBNGR
999 _c15402
_d15402